[Event "Sao Bernardo do Campo LXSBC op 4th"]
[Site "Sao Bernardo do Campo"]
[Date "2012.07.13"]
[Round "2"]
[White "Rodrigues, Leonardo De Miranda"]
[Black "Eiji Honda, Helcio"]
[Result "1-0"]
[WhiteElo "2028"]
[BlackElo "1800"]
[PlyCount "53"]
[EventDate "2012.07.13"]
[EventType "swiss"]
[EventRounds "6"]
[EventCountry "BRA"]
[SourceTitle "CBM 149 Extra"]
[Source "ChessBase"]
[SourceDate "2012.08.24"]
[SourceVersion "1"]
[SourceVersionDate "2012.08.24"]
[SourceQuality "1"]

1. d4 c6 2. c4 d5 3. Nc3 Bf5 4. cxd5 cxd5 5. Qb3 Nc6 6. e3 e6 7. Qxb7 Nge7 8. Bb5 Rc8 9. Nf3 f6 10. Bd2 Rc7 11. Qa6 Kf7 12. Na4 Nb8 13. Qa5 Nec6 14. Bxc6 Nxc6 15. Qb5 Bd6 16. 0-0 Qd7 17. Rfc1 Rb8 18. Qe2 Bg4 19. Ng5+ fxg5 20. Qxg4 h6 21. Rc2 Rbc8 22. Rac1 Nb4 23. Rxc7 Rxc7 24. Rxc7 Qxc7 25. Nc5 Bxc5 26. dxc5 Qxc5 27. Qxb4 1-0